000 00973nam a2200253Ia 4500
003 OSt
005 20221005112151.0
006 a|||||r|||| 00| 0
007 ta
008 221004b |||||||| |||| 00| 0 pan d
020 _a9789384138905 (hbk)
_cINR 170.00
024 _a33291
037 _b787, 27/02/2017, H.K. Prakashan
_cTextual
040 _aCRL
_cCRL
_bpan
041 _2pan
_apan
082 _aO153,3NBAL,DD:g, Q6
100 _aਜੈਪ੍ਰੀਤ ਸਿੰਘ, ਂਚ.
245 0 _aਢਾਹਵਾਂ ਦਿੱਲੀ ਦੇ ਕਿੰਗਰੇ
_b ਬਹੁਪੱਖੀ ਅਧਿਐਨ
260 _aਅੰਮ੍ਰਿਤਸਰ
_bਕੇ.ਜੀ. ਗ੍ਰਾਖ਼ਿਕਸ ਭਾਰਤ
_c2016
300 _a127ਪ੍ਰ0
_ccm.
650 _aਪੰਜਾਬੀ ਕਹਾਣੀ
942 _hO153,3NBAL,DD:g, Q6
_cTEXL
_2cc
999 _c1024042
_d1024042